000 00605nam a2200121Ia 4500
008 220620s9999||||xx |||||||||||||| ||und||
245 0 _aLinked Open Data - Creating Knowledge Out of Interlinked Data: Results of the LOD2 Project
546 _aEnglish[eng]
650 _aDatabase Management||Artificial Intelligence (incl. Robotics)||Information Systems and Communication Service
700 _aAuer, Sören||Bryl, Volha||Tramp, Sebastian
856 _uhttps://library.oapen.org/bitstream/20.500.12657/27715/1/1002291.pdf||https://library.oapen.org/bitstream/20.500.12657/27715/1/1002291.pdf
942 _cEB
999 _c22381
_d22381